MARC

LEADER 00000nam0a2200000 4500
001 303785
005 20231102001634.0
035 |a (RuTPU)RU\TPU\book\329013 
090 |a 303785 
100 |a 20150904d1946 km y0rusy50 ca 
101 0 |a rus 
102 |a RU 
105 |a y z 000zy 
200 1 |a Советская наука на новом этапе  |f С. И. Вавилов  |g Академия наук Союза ССР  
210 |a [Москва]  |c Издательство Академии наук СССР  |d 1946 
215 |a 103 с. 
316 |5 63413507: М-133762  |a На обложке и титульном листе владельческая подпись: "Бутаков" 
317 |5 63413507: М-133762  |a Поступила в НТБ в 1970 г. в составе книжного собрания профессора ТПИ И. Н. Бутакова 
606 1 |a Наука  |x История  |y Россия  |y СССР  |2 stltpush  |3 (RuTPU)RU\TPU\subj\45077  |9 64339 
610 1 |a история науки 
610 1 |a Великая Отечественная война 1941-1945 
610 1 |a дореволюционный период 
610 1 |a владельческая надпись 
610 1 |a библиотека И. Н. Бутакова 
686 |a Ч213(2)  |v LBC/SL-A  |2 rubbk 
700 1 |a Вавилов  |b С. И.  |c российский ученый, физик  |f 1891-1951  |g Сергей Иванович  |2 stltpush  |3 (RuTPU)RU\TPU\pers\476 
712 0 2 |a Академия наук СССР (АН СССР)  |2 stltpush  |3 (RuTPU)RU\TPU\col\722 
801 1 |a RU  |b 63413507  |c 20150904 
801 2 |a RU  |b 63413507  |c 20190924  |g RCR 
942 |c BK